Nutrition research : (Record no. 6328)

MARC details
000 -LEADER
fixed length control field 00559nam a22001937a 4500
001 - CONTROL NUMBER
control field BD-DhSAU 6328
003 - CONTROL NUMBER IDENTIFIER
control field BD-DhSAU
005 - DATE AND TIME OF LATEST TRANSACTION
control field 20150507172711.0
008 - FIXED-LENGTH DATA ELEMENTS--GENERAL INFORMATION
fixed length control field 150507b2000 ii a|||| |||| 00| 0 eng d
020 ## - INTERNATIONAL STANDARD BOOK NUMBER
International Standard Book Number 8120413245
040 ## - CATALOGING SOURCE
Original cataloging agency BD-DhSAU
082 ## - DEWEY DECIMAL CLASSIFICATION NUMBER
Edition number 22
Classification number 613.2
Item number NUT
245 ## - TITLE STATEMENT
Title Nutrition research :
Remainder of title current scenario and future trends /
Statement of responsibility, etc. Edited by Kamala Krishnaswamy
260 ## - PUBLICATION, DISTRIBUTION, ETC. (IMPRINT)
Place of publication, distribution, etc. New delhi :
Name of publisher, distributor, etc. Oxford publishers ,
Date of publication, distribution, etc. c2000.
300 ## - PHYSICAL DESCRIPTION
Extent xiv, 232 p.:
Other physical details ill. ;
Dimensions 24 cm.
590 ## - Name of Cataloguer
Name of Cataloger IMRAN
650 ## - SUBJECT ADDED ENTRY--TOPICAL TERM
Topical term or geographic name as entry element Nutrition
700 ## - ADDED ENTRY--PERSONAL NAME
Personal name Krishnaswamy, Kamala
942 ## - ADDED ENTRY ELEMENTS (KOHA)
Source of classification or shelving scheme Dewey Decimal Classification
Koha item type Book
Holdings
Withdrawn status Lost status Source of classification or shelving scheme Damaged status Not for loan Home library Branch Name Shelving location Date acquired Total Checkouts Full call number Barcode Date last seen Price effective from Koha item type
    Dewey Decimal Classification   Not For Loan SAU Library SAU Library Reference 28/03/2005   613.2 NUT 31329 07/05/2015 07/05/2015 Book